Списки на бывших помещиков, дворян и крупных землевладельцев, подлежащих выселению из БССР в 1 и 2-ю очереди по постановлению Це...

Доступно только в Электронных читальных залах Найти на картеНа карте
RUSMARC
00003960nmc2a22002653x 450
001fca98220-c723-42c8-9abb-6eea81878a43
00520220120110805.0
100##$a20211218l1929 k y0rusy50 ca
1010#$arus
102##$aRU
105##$aa z |||||
1220#$ad19291231
2001#$aСписки на бывших помещиков, дворян и крупных землевладельцев, подлежащих выселению из БССР в 1 и 2-ю очереди по постановлению Центральной комиссии по выселению от 20 октября 1929 г. (протоколы № 2, 4) по Минскому округу
$j1929
215##$a78 листов
$cтабл.
251##$cДело
300##$aЗаголовок дела на папке отсутствует
300##$aНа папке дела дата не указана
300##$aМашинописный текст
330##$aВходит в раздел описи: 1929 год. Всесоюзный переселенческий комитет
461#0$1001796d4672-8a00-4986-b488-6e42273792cc
$12001
$aЦЕНТРАЛЬНЫЙ ИСПОЛНИТЕЛЬНЫЙ КОМИТЕТ СССР (ЦИК СССР)
$1251
$cФонд
$1852
$j3316
$gР
462#0$10011cce310e-0954-4fdc-88db-4979285f4890
$12001
$aФинансовое Управление ЦИК СССР. 1923-1930 гг.
$vД. 433
$1251
$cОпись
$1852
$j16
$gа
60101$3RU\NLR\AUTH\880357276
$aСССР
$bЦИК
801#0$aRU
$bGA_RF
801#1$aRU
$bГлавНИВЦ
$c20211218
$2rusmarc
801#2$aRU
$bПБ им. Б.Н. Ельцина
$c20220120
$gRCR
$2rusmarc
852##$aГА РФ
$j433
937##$d172964523
$hГАРФ
035##$aRuPRLIB51064646
856##$uhttp://readingroom.main.prlib.ru/item.aspx?id_node=n172964523&mode=full
Формат отображения